00363nam a2200121Ia 4500008004000000020001800040082001500058100002100073245005200094260003800146300000800184650004900192210210b1968 xxu||||| |||| 00| 0 eng d a0 333 53356 9 a820.9 DYSS aDYSON (A E), Ed. aShakespeare Macbeth: a casebook ed by John Wain aLondonbMacmillan Press Ltdc1968 a264 aShakespear Macbeth Critical Essays Case Book